The everyday language of white racism (Record no. 66477)
[ view plain ]
| 000 -LEADER | |
|---|---|
| fixed length control field | 02002nam a2200397 a 4500 |
| 082 04 - DEWEY DECIMAL CLASSIFICATION NUMBER | |
| Classification number | 306.44089 |
| 100 1# - MAIN ENTRY--AUTHOR NAME | |
| Personal name | Hill, Jane H. |
| 245 14 - TITLE STATEMENT | |
| Title | The everyday language of white racism |
| 260 ## - PUBLICATION, DISTRIBUTION, ETC. (IMPRINT) | |
| Place of publication | Chichester, U.K. ; |
| -- | Malden, MA : |
| Name of publisher | Wiley-Blackwell, |
| Year of publication | 2008. |
| 300 ## - PHYSICAL DESCRIPTION | |
| Number of Pages | ix, 224 p. : |
| Other physical details | ill. |
| 490 1# - SERIES STATEMENT | |
| Series statement | Blackwell studies in discourse and culture ; |
| 505 0# - FORMATTED CONTENTS NOTE | |
| Formatted contents note | The persistence of white racism -- Language in white racism: an overview -- The social life of slurs -- Gaffes: racist talk without racists -- Covert racist discourse: metaphors, mocking, and the racialization of historically Spanish-speaking populations in the United States -- Linguistic appropriation: the history of white racism is embedded in American English -- Everyday language, white racist culture, respect, and civility. |
| 650 #0 - SUBJECT ADDED ENTRY--TOPICAL TERM | |
| Topical Term | Racism in language. |
| Topical Term | Racism |
| Topical Term | Discourse analysis |
| 856 40 - ELECTRONIC LOCATION AND ACCESS | |
| Uniform Resource Identifier | http://site.ebrary.com/lib/rucke/Doc?id=10300835 |
No items available.
